MARC

LEADER 00000cam a2200000 4500
001 vtls011901037
003 SK-MaSNL
005 20260301225319.0
008 220509s2019 xo obc fr 000 0dslo
015 |a SNBA2020/11 
020 |a 9788082060228  |q (brožované) 
035 |a urn:nbn:sk:snk-am00gldj 
035 |a urn:nbn:sk:snk-am3j5xe 
035 |a 201AA245-0EBE-4DFA-95E7-E16D160C01B6 
040 |a SNK  |b slo  |c SNK  |e rda 
041 0 |a slo  |b cze 
043 |a e-xo--- 
044 |a xo  |c SK 
072 7 |a 378  |x Vysoké školy  |2 konspekt 
080 |a 378.6:7  |2 2011 
080 |a 378.245  |2 2011 
080 |a 001.81/.87  |2 2011 
080 |a 373/378:78  |2 2011 
080 |a (437.6)  |2 2011 
080 |a (082)  |2 2011 
245 0 0 |a Zborník prác doktorandov 6  |c editorka Mária Glocková 
264 1 |a V Banskej Bystrici  |b Akadémia umení v Banskej Bystrici, Fakulta múzických umení, Katedra teoretických predmetov  |c 2019 
300 |a 252 strán  |b farebné fotografie, mapy, noty, portréty  |c 21 cm 
336 |a text  |b txt  |2 rdacontent 
337 |a bez média  |b n  |2 rdamedia 
338 |a zväzok  |b nc  |2 rdacarrier 
504 |a Obsahuje bibliografické odkazy ; poznámky 
546 |a Príspevky české 
610 2 7 |a Akadémia umení v Banskej Bystrici.  |b Fakulta múzických umení.  |b Katedra hudobno-teoretických a akademických predmetov  |2 SNKKA  |9 181648 
650 0 7 |a vysoké školy umelecké  |2 SNKPH  |9 69226 
650 0 7 |a doktorandské štúdium  |2 SNKPH  |9 4043 
650 0 7 |a vedecké práce  |2 SNKPH  |9 62155 
650 0 7 |a Art academies  |2 SNKPHeng  |9 323301 
650 0 7 |a Doctor's degree  |2 SNKPHeng  |9 275819 
650 0 7 |a Scientific reports  |2 SNKPHeng  |9 266023 
650 0 7 |a Music school  |2 SNKPHeng  |9 368051 
650 0 7 |a hudobné školy  |2 SNKPH  |9 71505 
651 7 |a Banská Bystrica (Slovensko)  |2 SNKPHgeo  |9 22015 
651 7 |a Banská Bystrica (Slovakia)  |2 SNKPHeng  |9 243794 
655 7 |a zborníky  |2 SNKPH  |9 70165 
655 7 |a Papers of several authors  |2 SNKPHeng  |9 153738 
700 1 |a Glocková, Mária,  |d 1952-  |4 edt  |9 253916 
752 |a Slovensko  |d Banská Bystrica 
919 |a 978-80-8206-022-8 
958 |a NB 
999 |c 950441  |d 952371 
952 |a SNK  |b SNK  |y PREZ  |7 0  |p 17A1413769  |o snkSC 187426  |i snk2020/714  |8 0  |0 0  |1 0  |4 0  |d 2020-01-14  |f 1  |l 0  |r 2026-02-24 09:46:42  |w 2026-02-24 
952 |a SNK  |b SNK  |y VYP  |7 0  |p 17A1413768  |o snkSC 187426 D1  |i snk2020/715  |8 0  |0 0  |1 0  |4 0  |d 2020-01-14  |l 0  |r 2026-02-24 09:46:42  |w 2026-02-24